Guide to field experiences and portfolio development to accompany : Learning to teach
में बचाया:
| मुख्य लेखक: | |
|---|---|
| स्वरूप: | पुस्तक |
| भाषा: | Undetermined |
| प्रकाशित: |
Boston
McGraw- Hill
2004
|
| विषय: | |
| टैग : |
टैग जोड़ें
कोई टैग नहीं, इस रिकॉर्ड को टैग करने वाले पहले व्यक्ति बनें!
|
| Thư viện lưu trữ: | Trung tâm Học liệu Trường Đại học Cần Thơ |
|---|
| LEADER | 00555nam a2200193Ia 4500 | ||
|---|---|---|---|
| 001 | CTU_80758 | ||
| 008 | 210402s9999 xx 000 0 und d | ||
| 082 | |a 373.042 | ||
| 082 | |b A675 | ||
| 100 | |a Arends, Richard I. | ||
| 245 | 0 | |a Guide to field experiences and portfolio development to accompany : | |
| 245 | 0 | |b Learning to teach | |
| 245 | 0 | |c Richard I. Arends | |
| 260 | |a Boston | ||
| 260 | |b McGraw- Hill | ||
| 260 | |c 2004 | ||
| 650 | |a Education,Teaching | ||
| 904 | |i Mai Loan,Hải | ||
| 980 | |a Trung tâm Học liệu Trường Đại học Cần Thơ | ||